00705naa a2200145 i 45000010005000000030009000050050017000140080039000310400029000700800010000991000143001092450054002526500021003067730232003279877KOSZ 00520180411114231.0180411s2012 pl a f f |000 0 pol cKOSZ 005/HRaKOSZ 005/HR a621.31 aSOKOŁOWSKI, Stanisław.d1996 - .bPolitechnika Koszalińska - Wydział Mechaniczny,cKatedra Zastosowań Elektroniki i Elektrotechniki10aSprzężenie zwrotne /cStanisław Sokołowski. 0aElektrotechnika.0 iW :tPodstawy elektrotechniki i elektroniki dla nieelektryków : laboratorium : praca zbiorowa. T. 2 / pod red. Jerzego Smyczka. - dKoszalin : Wydaw. Uczelniane Politechniki Koszalińskiej, 2012. -gs. 177-207z9788373652927